000 00457nam a22001817a 4500
003 MPLRDC
005 20220105061050.0
008 210129b ||||| |||| 00| 0 eng d
020 _a978-988-14635-0-0
082 _a740.9 LXR
100 _a卢曦然 HILDA LO 图文
245 _a欧洲旅图
_c
250 _a初版
260 _a香港
_b经纬文化出版有限公司
_c2016
300 _b
650 _a游记及其他
942 _cBK
_o740.9 LXR
999 _c68307
_d68297